000 00631nam a2200205Ia 4500
003 IN-BaIIA
008 211028s9999 xx 000 0 eng d
020 _a81-224-0408-1
040 _cIIA Library
080 _a523
_bJOS
100 _aJoshi, Avinash Wasudeo
_918105
245 0 _aOur solar system
_cAvinash Wasudeo Joshi and Narayan Chandra Rana
260 _aNew Delhi
_bWiley Eastern
_c1992
300 _a141p.
650 _aAstronomy and astrophysics thesaurus
650 _aPlanetary systems
_9965
650 _aSolar system
700 _aRana, Narayan Chandra
_917596
942 _cBK
999 _c10616
_d10616